Servicios RENFE Viajeros - Estadísticas

Estadísticas generales
  • Esta prueba ha sido intentada 299 veces
  • La puntuación promedio es 9 de 13
Estadísticas de respuestas
Distancia Respuesta % Correcto
Larga AVE
97%
Corta Cercanías AM
96%
Corta Cercanías
94%
Media MD
77%
Larga Alvia
76%
Larga Avlo
73%
Corta-Media Regional Cadenciado
73%
Corta-Media Regional Express
73%
Corta-Media Regional
72%
Media Avant
68%
Larga Intercity
60%
Larga Euromed
44%
Corta-Media Proximidad
36%
No se encontraron pruebas coincidentes
Distribución de puntuación
Porcentaje de gente con cada puntuación
Porcentaje por número respondido
Historial de tus puntuaciones
No has intentado esta prueba.